| 000 | 01343cam a22001934a 4500 | ||
|---|---|---|---|
| 005 | 20250605164050.0 | ||
| 008 | 250528s ||||||||||||||||||||||||d | ||
| 035 | _a17249 | ||
| 020 | _a631179372 | ||
| 040 |
_aGR-AtMCL _bgre _dGR-AtMCL _eAACR2 |
||
| 245 | 1 | _aThe Informational City / Information Technology, Economic Restructuring, and the Urban-Regional Process | |
| 260 |
_bBlackwell, _c1994 |
||
| 300 | _a406 | ||
| 520 | _aA marvelous synthesis of research and trends affecting American cities. Acknowledgements, Introduction, The Informational Mode of Development and the Restructuring of Capitalism, The New Industrial Space: The Locational Pattern of Information-Technology Manufacturing and Its Effects on Spatial Dynamics, The Space of Flows: The Use of New Technologies in the Information Economy and the Dialectics between Centralization and Decentralization of Services, Information Technology and the Restructuring of Capital-Labor Relationships and the Rise of the Dual City, High Technology and the Transition from the Urban Welfare State, The Internationalization of the Economy and New Technologies and the Variable Geometry of the Spatial Structure, The Reconstruction of Social Meaning in the Space of Flows, Notes, Index. | ||
| 700 | 1 |
_aCastells Manuel _93409 |
|
| 942 | _cBK | ||
| 999 |
_c2677 _d2677 |
||